Diseño de una secadora para fibra cortada de rayon viscosa
Salvato in:
| Autore principale: | |
|---|---|
| Natura: | Sconosciuto |
| Pubblicazione: |
[San José, Costa Rica]
1972
|
| Soggetti: | |
| Tags: |
Aggiungi Tag
Nessun Tag, puoi essere il primo ad aggiungerne!!
|
MARC
| LEADER | 00000 a2200000 4500 | ||
|---|---|---|---|
| 003 | 011384 | ||
| 005 | 20221231143817.0 | ||
| 008 | 140114s1972 cr a m 000 ||s d | ||
| 040 | |c cru CEDI | ||
| 090 | |a TFG 457 | ||
| 100 | |a Méndez C, José E |9 17990 | ||
| 245 | |a Diseño de una secadora para fibra cortada de rayon viscosa | ||
| 260 | |c 1972 |a [San José, Costa Rica] | ||
| 300 | |a 61 hojas : cuadros, gráicos (2 en bolsa adjunta) ; 28 cm | ||
| 500 | |a Tesis (Ingeniero Químico) Universidad de Costa Rica. | ||
| 501 | |a Ed. mimeografiada | ||
| 650 | |9 17989 |x TEXTILERA TRES RIOS |x SECADORES | ||
| 942 | |c TFG | ||
| 999 | |c 12341 |d 12341 | ||
